Uusi päivä -sarjassa olleita julkkiksia ja artisteja - Statistics

Yleistilastot
  • Tätä visaa on pelattu 90 kertaa
  • Keskiarvotulos 3 / 11
Vastaustilastot
Hint Vastaus % Oikein
Kausi 4 Diandra
80%
Kausi 1 Elli Haloo
70%
Kausi 4 Jukka-Poika
44%
Kausi 2 Cheek
42%
Kausi 8 Michael Monroe
33%
Kausi 8 Jari Sillanpää
24%
Kausi 7 Jenni Jaakkola
15%
Kausi 3 Karri Koira
14%
Kausi 7 Juha Torvinen
4%
Kausi 7 Aku Syrjä
3%
Kausi 2 Apulanta (Toni, Sipe ja Jönde)
0%
Ehtoja vastaavia visoja ei löytynyt
Tulosjakauma
Jokaisen tuloksen saaneiden osuus
Persentiili vastausten määrän mukaan
Tuloshistoriasi
Et ole pelannut tätä visaa